| 000 | 03682nam0a22004451 4500 | ||
|---|---|---|---|
| 001 | RU\NLR\UK\121 | ||
| 005 | 20260408064848.0 | ||
| 035 | _a(NLR Aleph) 009797925 | ||
| 090 |
_a10163392 _c10163392 |
||
| 100 | _a20260120 rusy50 | ||
| 101 | 0 | _arus | |
| 102 | _aRU | ||
| 135 | _acrbn 001aaaba | ||
| 200 | 1 |
_a[О поселении отставных от службы унтер-офицеров и рядовых, неимеющих своих деревень и пропитания, близ границ на пустынных землях; о присвоении им права владеть данною им землею вечно, не отчуждая в посторонние руки; об установлении порядка наследия между сими поселенцами; о построении церквей и об учреждении школ в их селених] _f[Указ Анны Ивановны от 27 дек. 1736 г.] |
|
| 210 |
_aПечатан в Санктпетербурге _cПри Сенате _d31 дек. 1736 |
||
| 215 |
_a[1] л. _dF° |
||
| 304 | _aТекст начинается словами: Божиею милостию, мы Анна императрица, и самодержица всероссииская, и протчая, и протчая, и протчая. Понеже из давних прошлых лет, при предках наших императорскаго величества прадед и дед блаженныя и вечнодостоиныя памяти, при великих государях царе Михаиле Федоровиче, и царе Алексее Михаиловиче... | ||
| 304 | _aСлева от М.П.: Подлиннои за подписанием ея императорскаго величества собственныя руки | ||
| 304 | _aНазв. указа дано по ПСЗ | ||
| 306 | _aВых. дан. указаны справа от М.П. | ||
| 321 | _aПСЗ. Т.9. 7136 | ||
| 325 | _aКопия доступна в Электрон. б-ке РНБ http://vivaldi.nlr.ru/lk000001635/view | ||
| 517 | 1 | _aБожиею милостию, мы Анна императрица, и самодержица всероссииская, и протчая, и протчая, и протчая. Понеже из давних прошлых лет, при предках наших императорскаго величества прадед и дед блаженныя и вечнодостоиныя памяти, при великих государях царе Михаиле Федоровиче, и царе Алексее Михаиловиче... | |
| 620 | _dСанкт-Петербург | ||
| 702 | 0 |
_4570 _8rus _7ca _aАнна Ивановна _cимператрица российская _f1693-1740 _3RU\NLR\AUTH\7713835 _9123517 |
|
| 710 | 0 | 1 |
_aРоссия _bИмператрица _c1730-1740; Анна Ивановна _3RU\NLR\AUTH\8810042737 _9584917 |
| 712 | 0 | 2 |
_aСенатская типография _cСанкт-Петербург _4610 |
| 801 | 0 |
_aRU _bNLR _c20030212 |
|
| 852 |
_aNLR _j18.14.1.34-66 |
||
| 856 | 0 | _uhttp://vivaldi.nlr.ru/lk000001635/view | |
| 856 | 1 | _uhttp://vivaldi.nlr.ru/lk000001635/cover | |
| 856 | 2 | _uhttp://vivaldi.nlr.ru/lk000001635/text | |
| 942 | _cBOOK | ||
| 980 | _aNB | ||
| 980 | _aA1XVIIIv | ||
| 980 | _aA1UKAZ | ||
| 981 | 3 | 6 | _a(36) Цифровой репозиторий РНБ |
| 981 | 1 | 6 | _a(16) Законодательные акты Российской империи |